000 00663nam a22002057a 4500
999 _c173076
_d173076
005 20200218122616.0
010 _aENG-127898
020 _c1595.00
_a9780199486663
035 _aEN-111430
037 _bDBAD/PUB
082 _a343.540721
245 _aCompetition law today :
_cedited by Vinod Dhall
_b concepts, issues, and the law in practice/
250 _a2nd.
260 _aNew Delhi
_c2019
_bOxford University Press
270 _a2/11 Ground Floor,Ansari Road,Dariyaganj
_e110002
_bNew Delhi
300 _aix;655p.
_b23(hb)
500 _aincludes bibliographical references and index
700 _aDhall,Vinod
942 _2ddc
_cEN
_hCOM
_k343.540721